000
00241nam a2200097Ia 4500
001
642780
005
20250826153533.0
008
250824s9999 xx 000 0 und d
245
0
_a
Alexander Graham Bell
_c
Bonnie Bader
260
_b
BEYAZ BALİNA
999
_c
642780
_d
642780